[Event "Lichtenberger Sommer 2019"]
[Site "Berlin"]
[Date "2019.08.21"]
[Round "5.70"]
[White "Schiller, Stephan"]
[Black "Zesewitz, Maik"]
[Result "0-1"]
[WhiteElo "1571"]
[BlackElo "1742"]
[PlyCount "124"]
[EventDate "2019.??.??"]
[WhiteTeam "SV Motor Wildau"]
[BlackTeam "SF Friedrichshagen"]

1. d4 f5 2. c4 Nf6 3. Nc3 e6 4. Nf3 Be7 5. Qc2 b6 6. e4 fxe4 7. Nxe4 Bb7 8. Bd3
Bb4+ 9. Bd2 Qe7 10. a3 Bxd2+ 11. Nexd2 d6 12. h3 Nbd7 13. Ne4 O-O-O 14. a4 d5
15. Ned2 e5 16. dxe5 Nxe5 17. O-O Nxd3 18. Qxd3 dxc4 19. Qxc4 Bd5 20. Qc3 Rhe8
21. Rac1 Rd7 22. Rfe1 Qd6 23. Rxe8+ Nxe8 24. Nc4 Qf6 25. Nce5 Re7 26. Qd4 Bxf3
27. Nxf3 Qxd4 28. Nxd4 Re4 29. Rc4 Nd6 30. f3 Re1+ 31. Kf2 Rd1 32. Ke2 Nxc4 33.
Kxd1 Nxb2+ 34. Kc2 Nxa4 35. Ne6 g6 36. Nf8 Nc5 37. Nxh7 Ne6 38. h4 Kd7 39. Nf6+
Kd6 40. h5 gxh5 41. Nxh5 Ke5 42. g3 Nd4+ 43. Kc3 Nxf3 44. Nf4 Ng5 45. Kc4 Ne4
46. Nd3+ Kd6 47. g4 c6 48. Kd4 Ng5 49. Kc4 a5 50. Nb2 b5+ 51. Kc3 c5 52. Nd1
Ne4+ 53. Kd3 Ke5 54. Kc2 Kd4 55. Nb2 c4 56. Kc1 c3 57. Nd1 b4 58. Kc2 a4 59.
Kc1 b3 60. g5 Nxg5 61. Nf2 a3 62. Nd1 a2 0-1

[Event "Lichtenberger Sommer 2019"]
[Site "Berlin"]
[Date "2019.08.21"]
[Round "5.71"]
[White "Bunkens, Rudi"]
[Black "Nareyek, Matthias"]
[Result "1-0"]
[WhiteElo "1724"]
[BlackElo "1448"]
[PlyCount "73"]
[EventDate "2019.??.??"]
[WhiteTeam "Koninklijke Gentse SK"]
[BlackTeam "SV Empor Berlin"]

1. d4 Nf6 2. c4 g6 3. Nc3 Bg7 4. e4 d6 5. Bd3 O-O 6. Nge2 Nc6 7. a3 Bg4 8. f3
Bd7 9. Be3 e5 10. d5 Ne7 11. Qd2 Ne8 12. g4 f5 13. gxf5 gxf5 14. f4 Ng6 15.
O-O-O Nf6 16. h3 c6 17. exf5 Nh4 18. fxe5 dxe5 19. Bh6 Nf3 20. Qe3 Bxh6 21.
Qxh6 Qe7 22. Rdf1 Kh8 23. Rxf3 e4 24. Re3 Qc5 25. b4 Qd6 26. Bc2 cxd5 27. Nxd5
Qe5 28. Rg1 Nxd5 29. cxd5 Rac8 30. Kd2 Qxd5+ 31. Ke1 Qe5 32. Rxe4 Qa1+ 33. Kd2
Rxc2+ 34. Kxc2 Ba4+ 35. Kd2 Rd8+ 36. Ke3 Qxa3+ 37. Kf2 1-0

[Event "Lichtenberger Sommer 2019"]
[Site "Berlin"]
[Date "2019.08.21"]
[Round "5.72"]
[White "Theilig, Reinhard"]
[Black "Zubke, Carsten"]
[Result "1/2-1/2"]
[WhiteElo "1560"]
[BlackElo "1886"]
[PlyCount "93"]
[EventDate "2019.??.??"]
[WhiteTeam "VfB Hermsdorf"]
[BlackTeam "BSG Pneumant Fürstenwalde"]

1. Nf3 Nf6 2. c4 c6 3. g3 d5 4. Bg2 dxc4 5. Qc2 g6 6. Qxc4 Bg7 7. d3 O-O 8. O-O
Be6 9. Qc2 Na6 10. a3 Rc8 11. Nc3 Nc5 12. Nd2 a5 13. b4 axb4 14. axb4 Na6 15.
Rb1 Bd5 16. Nxd5 Nxd5 17. Bb2 Naxb4 18. Qb3 Bxb2 19. Rxb2 c5 20. Rfb1 b6 21.
Nc4 Rc6 22. Ne5 Re6 23. Nc4 Qd7 24. Bh3 f5 25. e4 Kg7 26. exd5 Qxd5 27. Qc3+
Kg8 28. Bg2 Qd7 29. d4 Nd5 30. Qf3 Nf6 31. dxc5 bxc5 32. Qd1 Qxd1+ 33. Rxd1 Ne4
34. Rb6 Rxb6 35. Nxb6 Nc3 36. Re1 Kf7 37. Nd5 Nxd5 38. Bxd5+ Ke8 39. Rc1 Kd7
40. Rxc5 Kd6 41. Ra5 f4 42. Be4 fxg3 43. hxg3 Rc8 44. Kg2 Ke6 45. Bf3 Rc7 46.
Bd5+ Kf6 47. Be4 1/2-1/2

[Event "Lichtenberger Sommer 2019"]
[Site "Berlin"]
[Date "2019.08.21"]
[Round "5.73"]
[White "Schneider, Eckehard"]
[Black "Nguyen, Phuc Nhat"]
[Result "1-0"]
[WhiteElo "1844"]
[BlackElo "1599"]
[PlyCount "83"]
[EventDate "2019.??.??"]
[WhiteTeam "SF 1903 Berlin"]
[BlackTeam "SC Zugzwang 95 (Berlin)"]

1. e4 e5 2. Nf3 Nc6 3. d4 exd4 4. Nxd4 Bc5 5. Be3 Qf6 6. c3 Nge7 7. Qd2 Nxd4 8.
cxd4 Bb6 9. Nc3 d6 10. Na4 h6 11. Nxb6 axb6 12. Bc4 Ng6 13. O-O Nh4 14. f4 O-O
15. f5 Re8 16. Rf4 Nxf5 17. exf5 Bxf5 18. Raf1 g6 19. R4f3 h5 20. Bg5 Qg7 21.
Rf4 c6 22. Bd3 f6 23. Bxf5 fxg5 24. R4f2 gxf5 25. Rxf5 Qh6 26. Rxg5+ Kh8 27. d5
Re5 28. Rg8+ Kh7 29. Qxh6+ Kxh6 30. Rxa8 Rxd5 31. Rb8 Rd2 32. Rb1 d5 33. Rxb7
b5 34. Rf7 Kg6 35. Rf2 Rd4 36. Rc1 Rc4 37. Rfc2 Kf5 38. b3 Rxc2 39. Rxc2 d4 40.
Kf2 Ke4 41. Rxc6 Kd3 42. Ke1 1-0

[Event "Lichtenberger Sommer 2019"]
[Site "Berlin"]
[Date "2019.08.21"]
[Round "5.74"]
[White "Bode, Jan-Michael"]
[Black "Mueller, Jörg René"]
[Result "1-0"]
[WhiteElo "1841"]
[BlackElo "1590"]
[PlyCount "129"]
[EventDate "2019.??.??"]
[WhiteTeam "SW Lichtenrade"]
[BlackTeam "SC Zugzwang 95 (Berlin)"]

1. d4 f5 2. Nf3 g6 3. Bf4 Bg7 4. e3 d6 5. Bc4 Nf6 6. Nbd2 d5 7. Bd3 O-O 8. Ne5
Nc6 9. Nxc6 bxc6 10. Nf3 Rb8 11. b3 Ne4 12. O-O Re8 13. c4 Kh8 14. Be5 c5 15.
Bxg7+ Kxg7 16. Ne5 Bb7 17. Bxe4 fxe4 18. dxc5 dxc4 19. Nxc4 Ba6 20. Qc2 Bxc4
21. Qxc4 Qd3 22. Qd4+ Qxd4 23. exd4 Kf6 24. Rfe1 Kf5 25. Rad1 Rb4 26. f3 exf3
27. Re5+ Kf6 28. Rd5 fxg2 29. Kxg2 Ke6 30. Re5+ Kd7 31. Rd3 Rf8 32. a3 Rbb8 33.
d5 Rf6 34. b4 a6 35. Rde3 Re8 36. Kg3 Rf5 37. Rxf5 gxf5 38. Kf4 Rf8 39. Re6 a5
40. b5 Rb8 41. a4 Rf8 42. Ra6 e5+ 43. dxe6+ Ke7 44. Rxa5 Kxe6 45. b6 cxb6 46.
cxb6 Rb8 47. Rb5 Kd6 48. a5 Kc6 49. Rxf5 Rb7 50. h4 Rd7 51. h5 Kb7 52. Ke5 Ka6
53. Ke6 Rb7 54. Rf7 Rb8 55. Ra7+ Kb5 56. Kd6 Rc8 57. b7 Rb8 58. Kc7 Rxb7+ 59.
Rxb7+ Kxa5 60. Kc6 h6 61. Kc5 Ka6 62. Rb1 Ka7 63. Kc6 Ka8 64. Kc7 Ka7 65. Ra1#
1-0

[Event "Lichtenberger Sommer 2019"]
[Site "Berlin"]
[Date "2019.08.21"]
[Round "5.75"]
[White "Fricke, Janek Konrad"]
[Black "Casny, Guenter"]
[Result "1/2-1/2"]
[WhiteElo "1536"]
[BlackElo "1841"]
[PlyCount "164"]
[EventDate "2019.??.??"]
[WhiteTeam "SV Empor Berlin"]
[BlackTeam "SC Rochade (Berlin)"]

1. e4 g6 2. d4 d6 3. c4 Bg7 4. Nf3 c6 5. Nc3 Nd7 6. Be2 e5 7. d5 Ndf6 8. Bg5 h6
9. Bd2 Bd7 10. h3 Qc7 11. Bd3 Ne7 12. Qe2 a5 13. Be3 c5 14. b3 g5 15. Qc2 Ng6
16. g3 g4 17. Ng1 Qc8 18. h4 h5 19. Nge2 Kf8 20. Nd1 Nh7 21. Nec3 Ne7 22. Nb2
b6 23. Nba4 Rb8 24. Nb1 Kg8 25. Nac3 Nf8 26. Na3 Qd8 27. Nab5 Bxb5 28. Nxb5 Qd7
29. O-O-O Nfg6 30. Rdf1 Kh7 31. Qd2 Rhf8 32. Bg5 f5 33. Kb1 f4 34. Rhg1 f3 35.
Kc2 Ra8 36. Nc3 Nc8 37. Ra1 Rf7 38. Kd1 Qe8 39. Bc2 Nf8 40. a3 Na7 41. Bd3 Rb7
42. Kc2 Nd7 43. Rgb1 Rab8 44. Qe1 Rc7 45. Kd1 Rbb7 46. Qf1 Nb8 47. Qe1 Na6 48.
Qf1 Rc8 49. Qe1 Nc7 50. Qf1 Rcb8 51. Nb5 Naxb5 52. cxb5 Rc8 53. a4 Qf7 54. Qe1
Ne8 55. Qd2 Qg6 56. Qe3 Bh6 57. Bxh6 Qxh6 58. Qxh6+ Kxh6 59. Rc1 Rbc7 60. Ra2
Kg6 61. Rac2 Kf6 62. Rc4 Ke7 63. Kd2 Nf6 64. Ke3 Kf7 65. Kd2 Nd7 66. Ke3 Nf8
67. Kd2 Ng6 68. Kc3 Ke8 69. Rg1 Rg7 70. Bf1 Kd8 71. Bd3 Rcc7 72. Kd2 Rcf7 73.
Ke1 Rg8 74. Bf1 Rfg7 75. Bd3 Kd7 76. Kf1 Ke7 77. Rc3 Kf6 78. Bc4 Ne7 79. Ke1
Kg6 80. Kd2 Kh6 81. Re3 Ng6 82. Ree1 Kh7 1/2-1/2

[Event "Lichtenberger Sommer 2019"]
[Site "Berlin"]
[Date "2019.08.21"]
[Round "5.76"]
[White "Lieder, Günter"]
[Black "Timm, Christian"]
[Result "1-0"]
[WhiteElo "1815"]
[BlackElo "1573"]
[PlyCount "111"]
[EventDate "2019.??.??"]
[WhiteTeam "SK Turm Bad Hersfeld"]
[BlackTeam "SV Herzberg"]

1. e4 e6 2. d4 Be7 3. Nf3 b6 4. Bd3 Bb7 5. O-O d6 6. c4 Nf6 7. Nc3 O-O 8. Qc2
g6 9. h3 Nbd7 10. Re1 c5 11. d5 e5 12. Bh6 Re8 13. Qd2 Bf8 14. Bxf8 Rxf8 15.
Qh6 Nh5 16. Ne2 Qf6 17. Bc2 Qg7 18. Qxg7+ Nxg7 19. Ng3 Rae8 20. Ba4 Re7 21. a3
f5 22. Bxd7 Rxd7 23. b4 Bc8 24. bxc5 bxc5 25. Rab1 fxe4 26. Nxe4 h6 27. Rb2
Rdd8 28. Nfd2 Nh5 29. Rb5 Nf6 30. Rb8 Nxe4 31. Nxe4 Ba6 32. Rxd8 Rxd8 33. Rc1
Kf7 34. Rc3 Ke7 35. g4 Rb8 36. Kg2 Rb2 37. Kg3 Bc8 38. f4 exf4+ 39. Kxf4 a5 40.
Re3 g5+ 41. Nxg5+ Kd7 42. Nf7 Rf2+ 43. Rf3 Rxf3+ 44. Kxf3 Ba6 45. Nxh6 Bxc4 46.
Ke4 Ke7 47. Nf5+ Kd7 48. g5 Bf1 49. h4 Bg2+ 50. Kf4 Bxd5 51. h5 c4 52. h6 Bg8
53. g6 c3 54. Nd4 c2 55. Nxc2 Ke7 56. h7 1-0

[Event "Lichtenberger Sommer 2019"]
[Site "Berlin"]
[Date "2019.08.21"]
[Round "5.77"]
[White "Mayer, Herbert"]
[Black "Nimptsch, Nikolas"]
[Result "0-1"]
[WhiteElo "1804"]
[BlackElo "1500"]
[PlyCount "62"]
[EventDate "2019.??.??"]
[WhiteTeam "SC Rochade (Berlin)"]
[BlackTeam "Leegebrucher SF"]

1. c4 b6 2. Nc3 Bb7 3. Nf3 Nf6 4. g3 e6 5. Bg2 Be7 6. O-O O-O 7. Rb1 c5 8. a3
Nc6 9. d3 d5 10. Bf4 d4 11. Na2 a5 12. e4 Nh5 13. Bd2 g6 14. Nc1 e5 15. Ne2 f5
16. exf5 gxf5 17. Bh6 Rf6 18. Bg5 Rf7 19. Bxe7 Qxe7 20. Qd2 f4 21. Nh4 Nd8 22.
Bxb7 Nxb7 23. Kh1 Raf8 24. Rfe1 Nd6 25. Ng1 fxg3 26. fxg3 Rf2 27. Re2 Qb7+ 28.
Ngf3 R8xf3 29. Qg5+ Ng7 30. Re4 Nxe4 31. Qd8+ Rf8 0-1

[Event "Lichtenberger Sommer 2019"]
[Site "Berlin"]
[Date "2019.08.21"]
[Round "5.78"]
[White "Caglar, Erdal"]
[Black "Fock, Sana"]
[Result "0-1"]
[WhiteElo "1514"]
[BlackElo "1800"]
[PlyCount "38"]
[EventDate "2019.??.??"]
[WhiteTeam "SW Lichtenrade"]
[BlackTeam "SC Kreuzberg"]

1. d4 d5 2. Bf4 e6 3. Nf3 Nf6 4. e3 c5 5. c3 Nc6 6. Nbd2 cxd4 7. exd4 Nh5 8.
Bg5 f6 9. Bh4 g6 10. Bb5 Qb6 11. Bxc6+ bxc6 12. Nb3 Ba6 13. Qd2 g5 14. Bg3 Ng7
15. h3 Nf5 16. Bh2 Bd6 17. Bg1 Qb5 18. Nh2 Nh4 19. O-O-O Bf4 0-1

[Event "Lichtenberger Sommer 2019"]
[Site "Berlin"]
[Date "2019.08.21"]
[Round "5.80"]
[White "Lippianowski, Stefan"]
[Black "Kellner, René"]
[Result "0-1"]
[WhiteElo "1083"]
[BlackElo "1700"]
[PlyCount "40"]
[EventDate "2019.??.??"]
[WhiteTeam "SV Mattnetz Berlin"]
[BlackTeam "Potsdamer SV"]

1. e4 c6 2. Nc3 d5 3. d3 dxe4 4. dxe4 Qxd1+ 5. Nxd1 e5 6. Nf3 f6 7. Bc4 Bg4 8.
Ne3 Bxf3 9. gxf3 Nd7 10. Rg1 O-O-O 11. Rxg7 Bxg7 12. Nf5 Bf8 13. Be3 Nb6 14.
Bd3 Ne7 15. O-O-O Nxf5 16. exf5 h5 17. b3 Bh6 18. Kb2 Bxe3 19. fxe3 Rhg8 20. a4
Rg2 0-1

[Event "Lichtenberger Sommer 2019"]
[Site "Berlin"]
[Date "2019.08.21"]
[Round "5.81"]
[White "Koppe, Cordelia"]
[Black "Kohlmeyer, Dagobert"]
[Result "0-1"]
[WhiteElo "1436"]
[BlackElo "1776"]
[PlyCount "114"]
[EventDate "2019.??.??"]
[WhiteTeam "SV Rüdersdorf"]
[BlackTeam "SG Weißensee 49"]

1. d4 Nf6 2. c4 g6 3. Nc3 d5 4. e3 Bg7 5. Nf3 O-O 6. Be2 b6 7. Qb3 e6 8. O-O a5
9. Na4 Ba6 10. Re1 dxc4 11. Bxc4 Bxc4 12. Qxc4 Ne4 13. b3 c6 14. Qc2 f5 15. Ba3
Re8 16. Rad1 b5 17. Nc5 b4 18. Bb2 Nf6 19. Ng5 Qc8 20. Qc4 Nd5 21. Na4 h6 22.
Nf3 Qb7 23. Nc5 Qb5 24. Qxb5 cxb5 25. Ne5 a4 26. Nxg6 a3 27. Ba1 Ra7 28. Nf4
Nxf4 29. exf4 Kf7 30. g3 Bf8 31. Nd3 Bd6 32. Rc1 Ree7 33. Nc5 Rac7 34. Rc2 Rc6
35. Kg2 Na6 36. Kh3 Rec7 37. Rce2 Bxc5 38. dxc5 Nxc5 39. Rd1 Ne4 40. Be5 Rc2
41. Bxc7 Rxe2 42. Rd7+ Ke8 43. Rh7 Nxf2+ 44. Kh4 Rxa2 45. Bd6 Ng4 46. Re7+ Kd8
47. Kh5 Rxh2+ 48. Kg6 Ne3 49. Rxe6 Nd5 50. Be5 Nc3 51. Ra6 Rb2 52. Bd6 Rxb3 53.
Kf7 Kd7 54. Be5 a2 55. Rd6+ Kc8 56. Rc6+ Kb7 57. Rc7+ Kb6 0-1

[Event "Lichtenberger Sommer 2019"]
[Site "Berlin"]
[Date "2019.08.21"]
[Round "5.82"]
[White "Morczynski, Ryszard"]
[Black "Woinowski, Michael"]
[Result "0-1"]
[WhiteElo "1304"]
[BlackElo "1768"]
[PlyCount "58"]
[EventDate "2019.??.??"]
[WhiteTeam "SK Zehlendorf"]
[BlackTeam "SC Kreuzberg"]

1. e4 e5 2. Nf3 Nc6 3. Bc4 Bc5 4. c3 Nf6 5. d3 d6 6. Nbd2 a6 7. Bb3 O-O 8. h3
d5 9. exd5 Nxd5 10. Ne4 Bb6 11. O-O h6 12. Nh2 f5 13. Ng3 Kh8 14. Qh5 Nf6 15.
Qe2 f4 16. Ne4 Nxe4 17. Qxe4 Bf5 18. Qf3 Bxd3 19. Rd1 e4 20. Qh5 Qe7 21. Bd2 e3
22. Bxe3 fxe3 23. Rxd3 e2 24. Nf3 Rxf3 25. Qxf3 e1=Q+ 26. Rxe1 Qxe1+ 27. Kh2
Ne5 28. Qxb7 Rf8 29. Rd5 Bxf2 0-1

[Event "Lichtenberger Sommer 2019"]
[Site "Berlin"]
[Date "2019.08.21"]
[Round "5.83"]
[White "Müller, Johannes"]
[Black "Weber, Constanze"]
[Result "1/2-1/2"]
[WhiteElo "1760"]
[BlackElo "1490"]
[PlyCount "105"]
[EventDate "2019.??.??"]
[WhiteTeam "SC Eintracht Berlin"]
[BlackTeam "SV Ruhrspringer"]

1. e4 c5 2. Nc3 Nc6 3. f4 g6 4. Nf3 Bg7 5. Bb5 d6 6. O-O Bd7 7. d3 Nd4 8. Bxd7+
Qxd7 9. Ne2 Nc6 10. c3 b5 11. Qc2 a5 12. Be3 Nf6 13. h3 O-O 14. Kh1 Rac8 15.
Rg1 Nh5 16. g4 b4 17. f5 Nf6 18. Raf1 Ne5 19. Nf4 Qc6 20. g5 Nfd7 21. Nd5 Rfe8
22. Nxe5 Nxe5 23. f6 Bf8 24. c4 e6 25. Nf4 h6 26. h4 h5 27. Qe2 Ng4 28. Nxg6 e5
29. Rxg4 hxg4 30. Qxg4 fxg6 31. f7+ Kg7 32. fxe8=Q Qxe8 33. Rf6 Be7 34. Rf2 Bf8
35. Qf3 Be7 36. Rh2 Qf8 37. Rf2 Qxf3+ 38. Rxf3 Rf8 39. Rxf8 Bxf8 40. b3 Be7 41.
Kg2 Bf8 42. Kh3 Be7 43. Kg4 Bf8 44. h5 Be7 45. Bf2 Bd8 46. Be1 Bc7 47. Bd2 Bb6
48. Bc1 Ba7 49. a3 Bb6 50. Bb2 Ba7 51. a4 Bb6 52. Bc1 Ba7 53. hxg6 1/2-1/2

[Event "Lichtenberger Sommer 2019"]
[Site "Berlin"]
[Date "2019.08.21"]
[Round "5.85"]
[White "Uhlenbrock, Sven"]
[Black "Stark, Steven"]
[Result "1/2-1/2"]
[WhiteElo "1652"]
[BlackElo "1443"]
[PlyCount "157"]
[EventDate "2019.??.??"]
[BlackTeam "BSC Rehberge"]

1. d4 e6 2. Bf4 d6 3. e3 Be7 4. c4 Nf6 5. Nc3 O-O 6. h3 d5 7. Nf3 Bb4 8. a3
Bxc3+ 9. bxc3 Ne4 10. Qb3 Nc6 11. cxd5 exd5 12. Bd3 Na5 13. Qc2 Re8 14. O-O c6
15. Nd2 Nxd2 16. Qxd2 Nb3 17. Bxh7+ Kh8 18. Qd3 Nxa1 19. Rxa1 Qh4 20. Bf5 Be6
21. Rb1 b5 22. Bxe6 Rxe6 23. Qf5 Kg8 24. Be5 Qh7 25. Qxh7+ Kxh7 26. Kf1 Re7 27.
Ke2 a6 28. Bd6 Re6 29. Be5 f6 30. Bc7 Kg6 31. Kd2 Rae8 32. Bb6 Kf7 33. h4 f5
34. g3 Kg6 35. Ke2 Kh5 36. Kf3 g5 37. hxg5 Kxg5 38. Rh1 Rh6 39. Rxh6 Kxh6 40.
Kf4 Kg6 41. Bc5 Kf6 42. Bb4 Ke6 43. Bc5 Rh8 44. Bb4 Rh1 45. Bc5 Rb1 46. Bb4 Rb2
47. f3 Re2 48. Bc5 Rb2 49. Bb4 Rb3 50. g4 fxg4 51. Kxg4 Rb1 52. Kf4 Rg1 53. e4
Rg7 54. e5 Rg1 55. Bc5 a5 56. Bb6 b4 57. cxb4 a4 58. Bc5 Ra1 59. b5 cxb5 60.
Ke3 Rb1 61. Kd2 Rb3 62. f4 Rf3 63. Kc2 Rxf4 64. Kc3 Rf3+ 65. Kb4 Rb3+ 66. Ka5
Kd7 67. Bb4 Kc6 68. Bc5 Rc3 69. e6 Rc4 70. e7 Kd7 71. Kxb5 Ke8 72. Kc6 Rc1 73.
Kxd5 Kd7 74. Ke4 Rd1 75. Ke3 Rc1 76. Kd2 Rb1 77. Kc3 Rb7 78. Kc4 Rb8 79. Bb4
1/2-1/2

[Event "Lichtenberger Sommer 2019"]
[Site "Berlin"]
[Date "2019.08.21"]
[Round "5.86"]
[White "Doraszelski, Alexander"]
[Black "Toth, Hans-Jürgen"]
[Result "1-0"]
[WhiteElo "1649"]
[BlackElo "1401"]
[PlyCount "53"]
[EventDate "2019.??.??"]
[WhiteTeam "SV Empor Berlin"]
[BlackTeam "SF Zehdenick"]

1. e4 e6 2. Nf3 d5 3. Nc3 c6 4. d4 Bb4 5. e5 Ne7 6. Bg5 h6 7. Bh4 g5 8. Bg3 Nf5
9. Bd3 Nxg3 10. fxg3 Nd7 11. O-O b5 12. Ne2 Be7 13. g4 Nf8 14. Ng3 Ng6 15. Nh5
O-O 16. a4 b4 17. c3 a5 18. Nd2 Ba6 19. Qe2 Bxd3 20. Qxd3 Qb6 21. Kh1 Qa6 22.
Qh3 Kh7 23. Nf3 Qe2 24. Rae1 Qxb2 25. Nf6+ Bxf6 26. exf6 Qd2 27. Nxd2 1-0

[Event "Lichtenberger Sommer 2019"]
[Site "Berlin"]
[Date "2019.08.21"]
[Round "5.88"]
[White "Tschirschwitz, Stephan"]
[Black "Geiß, Anne"]
[Result "1-0"]
[WhiteElo "1495"]
[BlackElo "1393"]
[PlyCount "75"]
[EventDate "2019.??.??"]
[WhiteTeam "Lasker Steglitz-Wilmersdorf"]
[BlackTeam "Schachpinguine Berlin"]

1. d4 Nf6 2. c4 g6 3. Nc3 d5 4. Nf3 Bg7 5. Bf4 O-O 6. h3 c5 7. e3 cxd4 8. Nxd4
Qa5 9. Nb3 Qd8 10. cxd5 b6 11. e4 Bb7 12. Bc4 Nbd7 13. Qe2 Nh5 14. Bd2 Be5 15.
Qf3 a6 16. Bh6 Bg7 17. Bxg7 Nxg7 18. Qf4 Rc8 19. Be2 e5 20. Qe3 Nf6 21. Bd3 Qd6
22. O-O Nfh5 23. Ne2 Nf4 24. Nxf4 exf4 25. Qd4 Rfe8 26. Rac1 Nh5 27. Nd2 Ng7
28. Nf3 f5 29. Rfe1 fxe4 30. Bxe4 b5 31. Qd2 Rcd8 32. Rcd1 Nh5 33. Ng5 Nf6 34.
Bf3 Bxd5 35. Rxe8+ Nxe8 36. Bxd5+ Qxd5 37. Qxd5+ Rxd5 38. Rxd5 1-0

[Event "Lichtenberger Sommer 2019"]
[Site "Berlin"]
[Date "2019.08.21"]
[Round "5.89"]
[White "Koerber, Bernhard"]
[Black "Kultscher, Christian"]
[Result "1/2-1/2"]
[WhiteElo "1488"]
[BlackElo "1366"]
[PlyCount "102"]
[EventDate "2019.??.??"]
[WhiteTeam "Lasker Steglitz-Wilmersdorf"]
[BlackTeam "1. SC Anhalt"]

1. e4 d5 2. exd5 Nf6 3. d4 Nxd5 4. Bc4 Nb6 5. Bb3 g6 6. Nf3 Bg4 7. Be3 Bg7 8.
c3 O-O 9. h3 Bf5 10. Bc2 Be6 11. Nbd2 Nc6 12. b3 Nd5 13. c4 Nc3 14. Qc1 Nxd4
15. Nxd4 Bxd4 16. Bxd4 Qxd4 17. Nf3 Qf6 18. Qe3 Ne4 19. O-O Nd6 20. Rad1 Rfd8
21. Rd2 b6 22. Rfd1 c5 23. a3 Bf5 24. Bxf5 gxf5 25. Qg5+ Qxg5 26. Nxg5 Nb7 27.
Rd7 h6 28. Rxd8+ Rxd8 29. Rxd8+ Nxd8 30. Nf3 f6 31. b4 Nb7 32. Nd2 Kf7 33. f4
e5 34. g3 Nd6 35. Kf2 e4 36. Ke3 Ke6 37. b5 Kf7 38. a4 Kg6 39. Ke2 h5 40. h4
Kf7 41. Ke3 Ke6 42. Ke2 Kd7 43. Ke3 Kc7 44. Ke2 Kb7 45. Ke3 a6 46. Ke2 a5 47.
Ke3 Kc7 48. Ke2 Kd7 49. Ke3 Ke6 50. Ke2 Kf7 51. Ke3 Ke6 1/2-1/2

[Event "Lichtenberger Sommer 2019"]
[Site "Berlin"]
[Date "2019.08.21"]
[Round "5.91"]
[White "Dittrich, Hans-Jürgen"]
[Black "Abraham, Helmut"]
[Result "1/2-1/2"]
[WhiteElo "1284"]
[BlackElo "1468"]
[PlyCount "55"]
[EventDate "2019.??.??"]
[WhiteTeam "SC Eintracht Berlin"]
[BlackTeam "SC Kreuzberg"]

1. d4 d5 2. Bf4 e6 3. h3 Bd6 4. e3 Bxf4 5. exf4 Nf6 6. Nf3 Nbd7 7. Nbd2 a6 8.
c4 c6 9. cxd5 cxd5 10. Qa4 O-O 11. Bd3 Nb6 12. Qc2 g6 13. g4 Bd7 14. b3 Rc8 15.
Qb2 Qc7 16. Ne5 Bb5 17. Bxb5 axb5 18. O-O Nbd7 19. Rfc1 Qd8 20. Rxc8 Qxc8 21.
Rc1 Qb8 22. Ndf3 Rc8 23. Rxc8+ Qxc8 24. Nxd7 Nxd7 25. Ne5 Nxe5 26. fxe5 b4 27.
Qd2 Qc3 28. Qe3 1/2-1/2

[Event "Lichtenberger Sommer 2019"]
[Site "Berlin"]
[Date "2019.08.21"]
[Round "5.92"]
[White "Fontaine, Constantin"]
[Black "Hildebrandt, Tom"]
[Result "1/2-1/2"]
[WhiteElo "1498"]
[BlackElo "1200"]
[PlyCount "154"]
[EventDate "2019.??.??"]
[WhiteTeam "SK Tempelhof 1931"]

1. e4 e5 2. Nf3 Nc6 3. Bb5 a6 4. Bxc6 dxc6 5. O-O Bd6 6. d3 Nf6 7. Nbd2 Bg4 8.
h3 Bh5 9. Nc4 Bc5 10. Ncxe5 Qe7 11. Nc4 O-O-O 12. Bf4 Nxe4 13. d4 Bxd4 14. Qe1
Qf6 15. Qxe4 Rhe8 16. Nfe5 Bg6 17. Qf3 Bxe5 18. Bxe5 Qxf3 19. gxf3 b5 20. Na5
Rxe5 21. Nxc6 Rg5+ 22. Kh2 Rd6 23. Ne7+ Kd7 24. Nxg6 fxg6 25. Rad1 Rgd5 26.
Rxd5 Rxd5 27. Kg3 Rd2 28. Rc1 c5 29. f4 Ke6 30. Kf3 Rd5 31. c4 Rh5 32. cxb5
axb5 33. Kg4 Rd5 34. Rc3 Kd6 35. h4 Rd2 36. Rb3 Kc6 37. f5 Rxf2 38. fxg6 Rg2+
39. Rg3 Rxg3+ 40. Kxg3 hxg6 41. Kg4 Kd6 42. Kg5 Ke7 43. Kxg6 Kf8 44. h5 c4 45.
Kf5 Ke7 46. Ke5 b4 47. Kd4 b3 48. axb3 cxb3 49. Ke5 Kf7 50. Kf5 Kg8 51. Kg6 Kf8
52. h6 gxh6 53. Kxh6 Ke7 54. Kg5 Kd6 55. Kf4 Kc5 56. Ke3 Kc4 57. Ke4 Kc5 58.
Kd3 Kb4 59. Kd4 Kb5 60. Kc3 Ka5 61. Kxb3 Kb5 62. Kc3 Kc5 63. Kb3 Kb5 64. Kc2
Kc4 65. b3+ Kb4 66. Kb2 Kb5 67. Ka3 Ka5 68. b4+ Kb5 69. Kb3 Kb6 70. Kc4 Kc6 71.
b5+ Kc7 72. Kc5 Kb7 73. b6 Kb8 74. Kc6 Kc8 75. Kb5 Kb7 76. Ka5 Kb8 77. Ka6 Ka8
1/2-1/2

[Event "Lichtenberger Sommer 2019"]
[Site "Berlin"]
[Date "2019.08.21"]
[Round "5.93"]
[White "Ettel, Ralf"]
[Black "Paris, Gerhard"]
[Result "1-0"]
[WhiteElo "1471"]
[BlackElo "1384"]
[PlyCount "59"]
[EventDate "2019.??.??"]
[WhiteTeam "SK König Tegel"]
[BlackTeam "TSG Oberschöneweide"]

1. e4 e5 2. Nf3 d6 3. Bc4 c6 4. d4 d5 5. exd5 cxd5 6. Bb5+ Nc6 7. Nxe5 Qa5+ 8.
Nc3 Bb4 9. Bxc6+ bxc6 10. Bd2 Qb6 11. Qe2 Be6 12. O-O Nf6 13. a3 Bxc3 14. Bxc3
O-O 15. Bb4 Rfe8 16. Bc5 Qc7 17. Qd3 Ne4 18. b4 a5 19. f3 Nxc5 20. bxc5 h5 21.
f4 Qc8 22. Qg3 Bf5 23. Qh4 g6 24. Rab1 Qe6 25. Rb7 Reb8 26. Rxf7 Rb2 27. Rf6
Qe8 28. Qg5 Kh7 29. Rf7+ Kg8 30. Qf6 1-0

[Event "Lichtenberger Sommer 2019"]
[Site "Berlin"]
[Date "2019.08.22"]
[Round "6.1"]
[White "Ahmadinia, Ebrahim"]
[Black "Stern, René"]
[Result "1/2-1/2"]
[WhiteElo "2453"]
[BlackElo "2515"]
[PlyCount "28"]
[EventDate "2019.??.??"]
[WhiteTeam "SF 1903 Berlin"]
[BlackTeam "SK König Tegel"]

1. e4 e5 2. Nf3 Nc6 3. d4 exd4 4. Bc4 Nf6 5. e5 d5 6. Bb5 Ne4 7. Nxd4 Bc5 8.
Be3 O-O 9. Nxc6 bxc6 10. Bxc5 Nxc5 11. Bxc6 Rb8 12. O-O Ba6 13. Re1 Rxb2 14.
Qxd5 Qxd5 1/2-1/2

[Event "Lichtenberger Sommer 2019"]
[Site "Berlin"]
[Date "2019.08.22"]
[Round "6.2"]
[White "Barseghyan, Armen Ar"]
[Black "Rosmann, Ilja"]
[Result "1/2-1/2"]
[WhiteElo "2313"]
[BlackElo "2323"]
[PlyCount "107"]
[EventDate "2019.??.??"]
[BlackTeam "Königsspringer SC 1984"]

1. Nf3 Nf6 2. c4 g6 3. b3 Bg7 4. Bb2 d6 5. d4 O-O 6. g3 Bf5 7. Bg2 Qc8 8. h3 c5
9. Nc3 Nc6 10. Rc1 Bh6 11. e3 Nb4 12. Bf1 Ne4 13. a3 Nxc3 14. Rxc3 cxd4 15.
Nxd4 Nc6 16. Nxf5 Qxf5 17. Bg2 a5 18. Rc2 Bg7 19. Bxg7 Kxg7 20. O-O Qc5 21.
Qa1+ Kg8 22. Rd1 e6 23. Rcd2 Rfd8 24. h4 h5 25. Rc1 Rab8 26. Qb2 Rd7 27. Rdc2
Rdd8 28. Rb1 Ne5 29. b4 Qc7 30. Qb3 Rdc8 31. c5 axb4 32. Rbc1 dxc5 33. Rxc5 Qd8
34. axb4 b6 35. R5c3 Rxc3 36. Qxc3 Qd6 37. Ra1 Rd8 38. Be4 Ng4 39. Ra2 Qd7 40.
Bf3 Rc8 41. Qa1 Qd6 42. b5 Ne5 43. Be4 Kh7 44. Kg2 Rc4 45. Bb7 Qc7 46. Ra7 Rc1
47. Bc6 Rxa1 48. Rxc7 Kg7 49. Rb7 Nc4 50. e4 Ra2 51. e5 Kf8 52. Rb8+ Kg7 53.
Rb7 Kf8 54. Rb8+ 1/2-1/2

[Event "Lichtenberger Sommer 2019"]
[Site "Berlin"]
[Date "2019.08.22"]
[Round "6.3"]
[White "Syre, Christian"]
[Black "Thinius, Marco"]
[Result "1/2-1/2"]
[WhiteElo "2198"]
[BlackElo "2404"]
[PlyCount "55"]
[EventDate "2019.??.??"]
[BlackTeam "SV Empor Berlin"]

1. d4 Nf6 2. Nf3 e6 3. c4 b6 4. Nc3 Bb4 5. Bd2 Bb7 6. a3 Bxc3 7. Bxc3 O-O 8. g3
d5 9. b3 Nbd7 10. Rc1 dxc4 11. bxc4 c5 12. Bg2 cxd4 13. Qxd4 Qc7 14. O-O Rac8
15. Bb2 Be4 16. Nh4 Bxg2 17. Nxg2 Rfd8 18. Qh4 Qc5 19. Rfd1 Ne5 20. Ne3 Ng6 21.
Qh3 Ne4 22. Qg2 f5 23. h4 h5 24. Qf3 Ne5 25. Qf4 Nc6 26. Qf3 Ne5 27. Qf4 Nf7
28. Qf3 1/2-1/2

[Event "Lichtenberger Sommer 2019"]
[Site "Berlin"]
[Date "2019.08.22"]
[Round "6.4"]
[White "Figura, Atila Gajo"]
[Black "Nohr, Jonas"]
[Result "1/2-1/2"]
[WhiteElo "2394"]
[BlackElo "2126"]
[PlyCount "93"]
[EventDate "2019.??.??"]
[WhiteTeam "SK Zehlendorf"]
[BlackTeam "Königsjäger Süd-West"]

1. Nf3 Nf6 2. g3 d5 3. Bg2 c6 4. O-O Bf5 5. d3 e6 6. Nbd2 Bc5 7. Qe1 O-O 8. e4
Bg6 9. Nh4 Nbd7 10. Nb3 Bb6 11. Nxg6 hxg6 12. e5 Ng4 13. d4 c5 14. c3 Nh6 15.
h4 cxd4 16. cxd4 Rc8 17. Bg5 Qe8 18. Qd2 Kh7 19. Rfe1 Nb8 20. Bf1 Nc6 21. Rad1
Nf5 22. Be3 Qe7 23. a3 a6 24. Kg2 Rh8 25. Be2 Kg8 26. Rh1 a5 27. g4 Nxe3+ 28.
Qxe3 a4 29. Nc1 Na5 30. h5 g5 31. f4 gxf4 32. Qxf4 Nc4 33. Nd3 f6 34. Rdf1 Rf8
35. Rh3 fxe5 36. Qxf8+ Qxf8 37. Rxf8+ Kxf8 38. Nxe5 Nxe5 39. dxe5 Bd4 40. Bb5
Ke7 41. Bxa4 Bxb2 42. Rb3 Bxe5 43. Rxb7+ Kf6 44. Bd7 Rb8 45. Rxb8 Bxb8 46. a4
e5 47. Bc6 1/2-1/2